[Event "FRA-ch Youth U18 2018"]
[Site "Agen"]
[Date "2018.04.22"]
[Round "9"]
[White "El Barbry, Sarah"]
[Black "Chachiachvili, Mariam"]
[Result "1-0"]
[WhiteElo "1750"]
[BlackElo "1752"]
[Annotator "NA RC"]
[PlyCount "69"]
[EventDate "2018.??.??"]
[EventType "swiss"]
[EventCountry "FRA"]
[SourceTitle "playchess.com"]
[Source "ChessBase"]
[SourceQuality "1"]
[TimeControl "5400+30"]

1. e4 {[%emt 0:02:12]} e5 {[%emt 0:00:46]} 2. Nf3 {[%emt 0:00:31]} Nc6 {[%emt 0:00:14]} 3. c3 {[%emt 0:00:03]} Nf6 {[%emt 0:01:36]} 4. d4 {[%emt 0:00:19]} exd4 {[%emt 0:05:06]} 5. e5 {[%emt 0:00:08]} Qe7 {[%emt 0:05:20]} 6. cxd4 {[%emt 0:09:53]} d6 {[%emt 0:04:31]} 7. Bb5 {[%emt 0:03:33]} d5 {[%emt 0:15:49]} 8. Nc3 {[%emt 0:02:36]} a6 {[%emt 0:08:05]} 9. Be2 {[%emt 0:01:23]} Ne4 {[%emt 0:05:27]} 10. O-O {[%emt 0:11:26]} Nxc3 {[%emt 0:01:11]} 11. bxc3 {[%emt 0:00:01]} Be6 {[%emt 0:01:54]} 12. Qa4 {[%emt 0:07:41]} Qd7 {[%emt 0:07:44]} 13. Rb1 {[%emt 0:01:51]} Rb8 {[%emt 0:01:05]} 14. Qc2 {[%emt 0:04:50]} g6 {[%emt 0:05:51]} 15. h3 {[%emt 0:02:56]} Bg7 {[%emt 0:00:41]} 16. Ba3 {[%emt 0:00:33]} b5 {[%emt 0:02:26]} 17. Bd3 {[%emt 0:01:44]} Ne7 {[%emt 0:01:08]} 18. Nd2 {[%emt 0:01:46]} O-O {[%emt 0:00:46]} 19. Nb3 {[%emt 0:01:41]} Rfe8 {[%emt 0:02:55]} 20. Nc5 {[%emt 0:00:33]} Qc6 {[%emt 0:00:42]} 21. Bc1 {[%emt 0:01:48]} Bf5 {[%emt 0:03:05]} 22. Bg5 {[%emt 0:02:41]} Bxd3 {[%emt 0:01:01]} 23. Qxd3 {[%emt 0:00:29]} h6 {[%emt 0:01:16]} 24. Bf4 {[%emt 0:01:45]} Bf8 {[%emt 0:05:31]} 25. Qd2 {[%emt 0:02:30]} Kh7 {[%emt 0:01:46]} 26. Rfe1 {[%emt 0:00:44]} Ng8 {[%emt 0:00:12]} 27. Nd3 {[%emt 0:01:23]} Qe6 {[%emt 0:02:26]} 28. Bg3 {[%emt 0:04:19]} Rbc8 {[%emt 0:01:57]} 29. Nf4 {[%emt 0:00:47]} Qd7 {[%emt 0:00:36]} 30. Qd3 {[%emt 0:01:10]} c6 {[%emt 0:02:26]} 31. h4 {[%emt 0:05:07]} Kh8 {[%emt 0:02:48]} 32. e6 {[%emt 0:04:07]} fxe6 {[%emt 0:04:44]} 33. Nxg6+ {[%emt 0:00:39]} Kg7 {[%emt 0:00:47]} 34. Ne5 {[%emt 0:00:25]} Qe7 {[%emt 0:01:28]} 35. Qg6+ 1-0

[Event "FRA-ch Youth U18 2018"]
[Site "Agen"]
[Date "2018.04.22"]
[Round "9"]
[White "Milroy, Melena"]
[Black "Belluire, Beatrice"]
[Result "0-1"]
[WhiteElo "1718"]
[BlackElo "1818"]
[Annotator "NA RC"]
[PlyCount "60"]
[EventDate "2018.??.??"]
[EventType "swiss"]
[EventCountry "FRA"]
[SourceTitle "playchess.com"]
[Source "ChessBase"]
[SourceQuality "1"]
[TimeControl "5400+30"]

1. e4 {[%emt 0:00:00]} e6 {[%emt 0:00:10]} 2. d4 {[%emt 0:00:00]} d5 {[%emt 0:00:00]} 3. Bd3 {[%emt 0:00:00]} Bd7 {[%emt 0:01:38]} 4. e5 {[%emt 0:05:18]} c5 {[%emt 0:00:13]} 5. c3 {[%emt 0:00:05]} Nc6 {[%emt 0:00:14]} 6. Nf3 {[%emt 0:00:59]} cxd4 {[%emt 0:03:56]} 7. cxd4 {[%emt 0:00:30]} Qb6 {[%emt 0:04:18]} 8. Be2 {[%emt 0:02:52]} Nge7 {[%emt 0:00:40]} 9. Qb3 $2 {[%emt 0:17:58]} (9. Nc3 $11 {and White is okay.}) 9... Nxd4 {[%emt 0:20:27]} 10. Nxd4 {[%emt 0:27:38]} Qxd4 $19 {[%emt 0:00:02]} 11. Qxb7 {[%emt 0:00:41]} Bc6 {[%emt 0:00:19]} 12. Be3 {[%emt 0:06:12]} Qxe5 {[%emt 0:02:01]} 13. Bb5 {[%emt 0:03:11]} Rc8 {[%emt 0:07:03]} 14. O-O {[%emt 0:06:18]} d4 {[%emt 0:07:09]} 15. Rc1 {[%emt 0:13:04]} Qxb5 {[%emt 0:01:14]} 16. Qxb5 {[%emt 0:04:10]} Bxb5 {[%emt 0:00:04]} 17. Rxc8+ {[%emt 0:00:09]} Nxc8 {[%emt 0:00:01]} 18. Bxd4 {[%emt 0:00:09]} f6 {[%emt 0:01:30]} 19. Nc3 {[%emt 0:02:50]} Bd7 {[%emt 0:00:07]} 20. Ne4 {[%emt 0:03:58]} e5 {[%emt 0:01:01]} 21. Be3 {[%emt 0:00:12]} f5 {[%emt 0:01:27]} 22. Nc3 {[%emt 0:00:42]} f4 {[%emt 0:00:40]} 23. Bd2 {[%emt 0:00:15]} Kf7 {[%emt 0:01:22]} 24. Re1 {[%emt 0:00:19]} Bd6 {[%emt 0:00:14]} 25. Ne4 {[%emt 0:00:44]} Re8 {[%emt 0:00:28]} 26. Bc3 {[%emt 0:00:20]} Bb8 {[%emt 0:00:35]} 27. Nc5 {[%emt 0:00:53]} Bf5 {[%emt 0:00:38]} 28. f3 {[%emt 0:00:10]} Bc7 {[%emt 0:01:32]} 29. Kf1 {[%emt 0:01:02]} Bb6 {[%emt 0:01:56]} 30. Na4 {[%emt 0:01:30]} Bd3+ {[%emt 0:00:12]} 0-1

[Event "FRA-ch Youth U18 2018"]
[Site "Agen"]
[Date "2018.04.22"]
[Round "9"]
[White "Bauer, Elise"]
[Black "Lomandong, Noela-Joyce"]
[Result "1/2-1/2"]
[WhiteElo "1489"]
[BlackElo "2053"]
[Annotator "NA RC"]
[PlyCount "86"]
[EventDate "2018.??.??"]
[EventType "swiss"]
[EventCountry "FRA"]
[SourceTitle "playchess.com"]
[Source "ChessBase"]
[SourceQuality "1"]
[TimeControl "5400+30"]

1. e4 {[%emt 0:00:00]} g6 2. d4 {[%emt 0:00:08]} Bg7 {[%emt 0:03:32]} 3. Nc3 {[%emt 0:00:18]} a6 {[%emt 0:07:29]} 4. a4 {[%emt 0:02:53]} Nc6 {[%emt 0:04:39]} 5. Be3 {[%emt 0:01:37]} d6 {[%emt 0:01:03]} 6. Nf3 {[%emt 0:04:59]} Nf6 {[%emt 0:08:29]} 7. h3 {[%emt 0:03:04]} O-O {[%emt 0:01:31]} 8. Qd2 {[%emt 0:03:20]} e5 {[%emt 0:03:44] B08: Pirc Defence: Classical System} 9. d5 {[%emt 0:05:52]} Ne7 {[%emt 0:00:27] LiveBook: 10 Games} 10. Bh6 {[%emt 0:03:01]} (10. g4 c6 11. dxc6 bxc6 12. O-O-O d5 13. Nxe5 Be6 14. Bg2 Nxe4 15. Nxe4 dxe4 16. Nd7 Bxd7 17. Qxd7 {0-1 (24) Pogosyan,S (2340)-Gasanov,E (2490) Moscow 2018}) 10... Kh8 {[%emt 0:08:32]} 11. Nh2 $146 {[%emt 0:09:43]} ({Predecessor:} 11. g4 Bd7 12. Bd3 b5 13. O-O Qc8 14. Nh2 c6 15. Bxg7+ Kxg7 16. f4 cxd5 17. fxe5 {½-½ (40) Sabol,M (2366)-Rubal,A (2308) Czech Republic 2015}) 11... Bxh6 {[%emt 0:01:21]} 12. Qxh6 {[%emt 0:01:02]} Neg8 {[%emt 0:01:40]} 13. Qg5 {[%emt 0:04:12]} Nh5 {[%emt 0:03:34]} 14. Qe3 {[%emt 0:07:47]} f5 {[%emt 0:07:20]} 15. Nf3 {[%emt 0:06:33]} Qf6 {[%emt 0:07:59]} 16. Nd2 {[%emt 0:05:05]} fxe4 {[%emt 0:10:19]} 17. Ncxe4 {[%emt 0:02:45]} Qf4 {[%emt 0:02:10]} 18. g4 {[%emt 0:06:16]} Qxe3+ {[%emt 0:04:00]} 19. fxe3 {[%emt 0:00:06]} Nhf6 {[%emt 0:00:05]} 20. c4 {[%emt 0:01:00]} Nxe4 {[%emt 0:03:01]} 21. Nxe4 {[%emt 0:00:12]} Nf6 {[%emt 0:00:42]} 22. Nc3 {[%emt 0:03:20]} Bd7 {[%emt 0:04:58]} 23. Bg2 {[%emt 0:03:20]} Kg7 {[%emt 0:03:44]} 24. Ke2 {[%emt 0:01:17]} Rf7 {[%emt 0:01:31]} 25. Rhf1 {[%emt 0:01:50]} Raf8 {[%emt 0:00:15]} 26. b4 {[%emt 0:01:12]} h5 {[%emt 0:03:31]} 27. g5 {[%emt 0:01:05]} Ne8 {[%emt 0:00:39]} 28. b5 {[%emt 0:05:02]} Rxf1 {[%emt 0:00:30]} 29. Rxf1 {[%emt 0:00:25]} a5 {[%emt 0:04:22]} 30. Rb1 {[%emt 0:07:11]} Rf5 {[%emt 0:03:14]} 31. h4 {[%emt 0:00:40]} b6 {[%emt 0:00:27]} 32. Bh3 {[%emt 0:03:35]} Rf7 {[%emt 0:00:06]} 33. Bxd7 {[%emt 0:00:55]} Rxd7 $16 {[%emt 0:00:01]} 34. Rf1 {[%emt 0:00:28]} Rf7 {[%emt 0:01:02]} 35. e4 {[%emt 0:03:21]} Rxf1 {[%emt 0:00:31]} 36. Kxf1 {[%emt 0:00:01]} Kf7 {[%emt 0:00:09]} 37. Na2 {[%emt 0:00:46]} Ng7 {[%emt 0:00:05]} 38. Ke2 {[%emt 0:00:31]} Ke7 {[%emt 0:00:07]} 39. Nc1 {[%emt 0:00:28]} Kf7 {[%emt 0:00:13]} 40. Ke3 {[%emt 0:00:25]} Ke7 {[%emt 0:00:12]} 41. Kd3 {[%emt 0:00:27]} Kd7 {[%emt 0:00:21]} 42. Nb3 {[%emt 0:00:19]} Ke7 {[%emt 0:00:06]} 43. Kc3 {[%emt 0:00:32]} Kd7 {[%emt 0:00:11]} 1/2-1/2